000 00459nam a22001817a 4500
003 NUST - PNEC
005 20170116180818.0
008 150611b xxu||||| |||| 00| 0 eng d
020 _a0826452019
040 _cLIBRARY
082 _a510 OLL
100 _93877
_aOllerton, Mike
245 _aInclusive mathematics 11-18
_cMike Ollerton
260 _aLondon
_bContinuum
_cc2001.
300 _a168 p. :
650 _93878
_aMathematics
_xME
942 _2ddc
_cBK
999 _c63620
_d63620